000 00572nam a22001817a 4500
005 20251108172726.0
008 250721s2002 xx 000 0 ara d
082 1 4 _a818.02/عيد
100 1 _aعيد، أمجد
_eمؤلف
245 1 0 _aمعجم الحكم والأمثال والأقوال الخالدة /
264 1 _aعمان :
_bالأهلية للنشر والتوزيع،
_c2002.
300 _a150ص
650 1 7 _aالأدب العربي
650 1 7 _aالحكم (الأمثال)
650 1 7 _aالنثر الأدبي
942 _2ddc
_cBK
999 _c86945
_d86945